| 000 -LEADER |
| fixed length control field |
00597nam a22002057a 4500 |
| 003 - CONTROL NUMBER IDENTIFIER |
| control field |
OSt |
| 005 - DATE AND TIME OF LATEST TRANSACTION |
| control field |
20230802145759.0 |
| 008 - FIXED-LENGTH DATA ELEMENTS--GENERAL INFORMATION |
| fixed length control field |
230802b ||||| |||| 00| 0 eng d |
| 020 ## - INTERNATIONAL STANDARD BOOK NUMBER |
| International Standard Book Number |
9789672868330 |
| 040 ## - CATALOGING SOURCE |
| Transcribing agency |
KH8 |
| 082 ## - DEWEY DECIMAL CLASSIFICATION NUMBER |
| Classification number |
400 SYA |
| 100 ## - MAIN ENTRY--PERSONAL NAME |
| Personal name |
Syahril Othman, |
| Relator term |
author. |
| 245 ## - TITLE STATEMENT |
| Title |
IGCSE Malay Reading Model Paper 2 Volume 1 / |
| Statement of responsibility, etc. |
Syahril Othman. |
| 260 ## - PUBLICATION, DISTRIBUTION, ETC. |
| Place of publication, distribution, etc. |
Malaysia: |
| Name of publisher, distributor, etc. |
Syahril Education Enterprise. |
| 300 ## - PHYSICAL DESCRIPTION |
| Extent |
100 pages, |
| Other physical details |
illustrations. |
| 440 ## - SERIES STATEMENT/ADDED ENTRY--TITLE |
| Title |
IGCSE Malay Reading Model |
| Number of part/section of a work |
2 |
| Volume/sequential designation |
1 |
| 651 ## - SUBJECT ADDED ENTRY--GEOGRAPHIC NAME |
| Geographic name |
Malaysia |
| Form subdivision |
Malay language |
| 651 ## - SUBJECT ADDED ENTRY--GEOGRAPHIC NAME |
| Geographic name |
Malaysia |
| Form subdivision |
Malay grammar |
| 942 ## - ADDED ENTRY ELEMENTS (KOHA) |
| Source of classification or shelving scheme |
|
| Koha item type |
Teaching Resources |